| 000 | 00995nam a2200289 c 4500 | ||
|---|---|---|---|
| 003 | BLK | ||
| 005 | 20180420222641.0 | ||
| 008 | 180408b bul|||||r ||||||| ||bul|| | ||
| 010 | _aKNG00061068000 | ||
| 040 | _aBLK | ||
| 041 |
_aBUL _cBUL |
||
| 080 |
_aБорба с болестите и вредителите на растенията _b632.9 _x(035) _z632.9(035) |
||
| 100 | 1 |
_aЛюбенов, Яне _eпърви автор _9287320 |
|
| 139 |
_aЛюбенов, Яне _bЛ 95 |
||
| 245 | 1 | 0 |
_aСправочник по хербицидите _cЯне Любенов. |
| 257 | _aBGR | ||
| 260 |
_аСофия _bЗемиздат _c1980 |
||
| 300 |
_a272 с. _bс ил. _c21 см |
||
| 380 | _a63 | ||
| 500 | _aАзб. показалци | ||
| 650 | 4 |
_aХербициди - приложение - справочници _9250108 |
|
| 852 | _aЦб 106146 | ||
| 856 | 4 |
_qpdf _u |
|
| 856 | 4 |
_qpdf _u |
|
| 942 |
_cKNG _n0 |
||
| 944 |
_aCR _c13.06.2004 _kЧиталня |
||
| 944 |
_aED _c26.08.2015 _kГеновева_Генчева |
||
| 999 |
_c57079 _d57079 |
||